| 000 | 00446nam a2200181Ia 4500 | ||
|---|---|---|---|
| 001 | 2295 | ||
| 005 | 20260306144756.0 | ||
| 008 | 260306t2009||||xx |||||||||||||| ||spa|| | ||
| 041 | _aESP | ||
| 082 |
_a616.8553 _bP42 |
||
| 100 |
_aPeñafiel, María _eAUT |
||
| 245 | 0 | _aGuía de intervención logopédica en la disgrafía | |
| 260 | _c2009 | ||
| 300 |
_a246 páginas : _c21 cm. |
||
| 650 | _aGEN | ||
| 654 | _aCPS | ||
| 942 |
_cLIB _dJUS _fJUS _2ddc _n |
||
| 999 |
_c2295 _d2295 |
||